Fomento de las exportaciones / (Record no. 32312)

MARC details
000 -LEADER
campo de control de longitud fija 00662nam a2200205 i 4500
001 - NÚMERO DE CONTROL
campo de control 32312
003 - IDENTIFICADOR DE NÚMERO DE CONTROL
campo de control ES-MaACL
005 - FECHA Y HORA DE LA ÚLTIMA TRANSACCIÓN
campo de control 20230910063043.0
007 - CAMPO FIJO DE DESCRIPCIÓN FÍSICA--INFORMACIÓN GENERAL
campo de control de longitud fija t|
008 - DATOS DE LONGITUD FIJA--INFORMACIÓN GENERAL
campo de control de longitud fija 030130q19001999sp ||||1| spa d
100 1# - ENTRADA PRINCIPAL--NOMBRE DE PERSONA
Nombre de persona Bernis, Francisco,
Fechas asociadas al nombre 1877-1933
9 (RLIN) 28345
245 10 - MENCIÓN DEL TÍTULO
Título Fomento de las exportaciones /
Mención de responsabilidad, etc. Francisco Bernis.
260 ## - PUBLICACIÓN, DISTRIBUCIÓN, ETC.
Lugar de publicación, distribución, etc. Barcelona :
Nombre del editor, distribuidor, etc. [s.n.,
Fecha de publicación, distribución, etc. 19??] (
Fabricante López Robert)
300 ## - DESCRIPCIÓN FÍSICA
Extensión 232 p. ;
Dimensiones 18 cm.
490 1# - MENCIÓN DE SERIE
Mención de serie Biblioteca de Cultura Moderna y Contemporánea
650 04 - PUNTO DE ACCESO ADICIONAL DE MATERIA--TÉRMINO DE MATERIA
Término de materia o nombre geográfico como elemento de entrada Exportación-
Subdivisión geográfica España.
9 (RLIN) 12699
830 0# - PUNTO DE ACCESO ADICIONAL DE SERIE-TÍTULO UNIFORME
Título uniforme Biblioteca de Cultura Moderna y Contemporánea
9 (RLIN) 181123
852 ## - LOCALIZACIÓN
Ubicación ES-MaACL
Número de control de estantería F-596
Holdings
Estatus retirado Estado de pérdida Estado de daño No para préstamo Colección Biblioteca de origen Biblioteca actual Ubicación en estantería Fecha de adquisición Fuente de adquisición Total de préstamos Signatura topográfica completa Código de barras Visto por última vez Precio de reemplazo Tipo de ítem Koha
        Libros del s. XIX Biblioteca del Ateneo de Madrid Biblioteca del Ateneo de Madrid Depósito 2 17/01/2008     F-596 1033464 23/02/2023 23/02/2023 Libro impreso antiguo